[Event "23rd Alekhine Master 2019"]
[Site "Voronezh"]
[Date "2019.06.21"]
[Round "9.9"]
[White "Belyakov, Bogdan"]
[Black "Goganov, Aleksey"]
[Result "0-1"]
[WhiteElo "2483"]
[BlackElo "2559"]
[Annotator "RC"]
[PlyCount "118"]
[EventDate "2019.06.12"]
[EventType "swiss"]
[EventCountry "RUS"]
[SourceTitle "playchess.com"]
[Source "ChessBase"]
[SourceQuality "1"]
[TimeControl "40/5400+30:1800+30"]

1. d4 {[%emt 0:02:24]} d5 {[%emt 0:00:58]} 2. c4 {[%emt 0:00:07]} c6 {[%emt 0:00:08]} 3. Nc3 {[%emt 0:00:06]} Nf6 {[%emt 0:00:03]} 4. e3 {[%emt 0:00:07]} e6 {[%emt 0:00:04]} 5. Nf3 {[%emt 0:00:07]} Nbd7 {[%emt 0:00:03]} 6. Bd3 {[%emt 0:00:07]} dxc4 {[%emt 0:00:04]} 7. Bxc4 {[%emt 0:00:07]} b5 {[%emt 0:00:05]} 8. Bd3 {[%emt 0:00:06]} Bd6 {[%emt 0:00:13]} 9. O-O {[%emt 0:00:07]} O-O {[%emt 0:00:04]} 10. Bd2 {[%emt 0:00:12]} Bb7 {[%emt 0:02:13]} 11. Rc1 {[%emt 0:00:12]} Rc8 {[%emt 0:02:28]} 12. Ne4 {[%emt 0:08:50]} Nxe4 {[%emt 0:00:22]} 13. Bxe4 {[%emt 0:00:05]} Nf6 {[%emt 0:03:43]} 14. Bd3 {[%emt 0:00:31]} c5 {[%emt 0:02:03]} 15. Bxb5 {[%emt 0:03:53]} Bxf3 {[%emt 0:04:16]} 16. Qxf3 {[%emt 0:00:39]} cxd4 {[%emt 0:00:04]} 17. a4 {[%emt 0:07:26]} Rxc1 {[%emt 0:05:57]} 18. Bxc1 {[%emt 0:02:46]} a6 {[%emt 0:06:36]} 19. Bxa6 {[%emt 0:07:48]} Bxh2+ {[%emt 0:00:05]} 20. Kh1 {[%emt 0:00:21]} Bb8 {[%emt 0:07:07]} 21. g3 {[%emt 0:01:57]} e5 {[%emt 0:04:32]} 22. e4 {[%emt 0:04:01]} Bd6 {[%emt 0:01:29]} 23. Bg5 {[%emt 0:19:55]} Qa8 {[%emt 0:01:39]} 24. Bxf6 {[%emt 0:00:16]} Qxa6 {[%emt 0:00:30]} 25. Kg2 {[%emt 0:00:06]} Bb8 {[%emt 0:09:50]} 26. Be7 {[%emt 0:07:26]} Re8 {[%emt 0:00:39]} 27. Bc5 {[%emt 0:00:05]} Qxa4 {[%emt 0:00:29]} 28. b4 {[%emt 0:00:04]} Ba7 {[%emt 0:08:18]} 29. Rc1 {[%emt 0:00:16]} Bxc5 {[%emt 0:00:11]} 30. bxc5 {[%emt 0:00:05]} Qc6 {[%emt 0:00:03]} 31. Qd3 {[%emt 0:00:24]} h5 {[%emt 0:04:26]} 32. f3 {[%emt 0:00:22]} Rb8 {[%emt 0:01:20]} 33. Rc2 {[%emt 0:00:54]} h4 {[%emt 0:10:12]} 34. g4 {[%emt 0:00:04]} Qf6 {[%emt 0:03:33]} 35. c6 {[%emt 0:03:26]} Qf4 {[%emt 0:05:17]} 36. Qf1 {[%emt 0:09:11]} Qg3+ {[%emt 0:00:06]} 37. Kh1 {[%emt 0:00:06]} Rc8 {[%emt 0:02:12]} 38. c7 {[%emt 0:02:28]} h3 {[%emt 0:01:46]} 39. Qf2 {[%emt 0:04:38]} Qxf2 {[%emt 0:00:27]} 40. Rxf2 {[%emt 0:00:00]} Rxc7 {[%emt 0:00:00]} 41. Kh2 {[%emt 0:00:15]} Kh7 {[%emt 0:07:07]} 42. Kxh3 {[%emt 0:00:05]} Kg6 {[%emt 0:00:03]} 43. Kh4 {[%emt 0:04:34]} f6 {[%emt 0:04:39]} 44. g5 {[%emt 0:10:11]} f5 {[%emt 0:00:06]} 45. Ra2 {[%emt 0:00:03]} fxe4 {[%emt 0:00:08]} 46. fxe4 {[%emt 0:00:07]} Rc6 {[%emt 0:00:43]} 47. Kg4 {[%emt 0:00:36]} d3 {[%emt 0:01:11]} 48. Kf3 {[%emt 0:00:10]} Rd6 {[%emt 0:00:05]} 49. Rd2 {[%emt 0:00:16]} Kxg5 {[%emt 0:00:32]} 50. Ke3 {[%emt 0:00:29]} Kg4 {[%emt 0:00:53]} 51. Kf2 {[%emt 0:00:07]} Kf4 {[%emt 0:00:03]} 52. Ke1 {[%emt 0:00:04]} Kxe4 {[%emt 0:00:08]} 53. Rg2 {[%emt 0:00:07]} Ra6 {[%emt 0:00:28]} 54. Rxg7 {[%emt 0:00:22]} Ke3 {[%emt 0:00:06]} 55. Rg3+ {[%emt 0:00:30]} Kd4 {[%emt 0:00:05]} 56. Rg4+ {[%emt 0:01:11]} Kc3 {[%emt 0:00:09]} 57. Rg3 {[%emt 0:00:29]} e4 {[%emt 0:00:08]} 58. Rh3 {[%emt 0:00:32]} Ra1+ {[%emt 0:00:19]} 59. Kf2 {[%emt 0:00:07]} Kd4 {[%emt 0:00:29]} 0-1

[Event "23rd Alekhine Master 2019"]
[Site "Voronezh"]
[Date "2019.06.21"]
[Round "9.10"]
[White "Smirnov, Timofey"]
[Black "Iljiushenok, Ilia"]
[Result "0-1"]
[WhiteElo "2335"]
[BlackElo "2549"]
[Annotator "TA"]
[PlyCount "62"]
[EventDate "2019.06.12"]
[EventType "swiss"]
[EventCountry "RUS"]
[SourceTitle "playchess.com"]
[Source "ChessBase"]
[SourceQuality "1"]

{[%evp 16,62,6,-15,0,0,18,8,18,20,8,7,17,30,16,0,0,-22,-4,-24,-24,-28,24,0,0,0,0,-38,-18,-16,-17,-15,-14,-50,-52,-132,-152,-775,-771,-1004,-988,-5481,-5489,-5369,-5377,-1974,-1962,-1493,-1432]} 1. e4 c6 2. d4 d5 3. Nc3 dxe4 4. Nxe4 Bf5 5. Ng3 Bg6 6. Bc4 e6 7. N1e2 Bd6 8. Nf4 Nf6 9. c3 Nbd7 {B18: Classical Caro-Kann: 4...Bf5 sidelines} (9... Qc7 10. Qf3 Nbd7 11. h4 c5 12. dxc5 Qxc5 13. Qe2 Rc8 14. Bb3 Qc7 15. h5 Bxf4 16. Bxf4 Qxf4 17. hxg6 {½-½ (77) Harikrishna,P (2753)-Navara,D (2734) Huaian 2016}) 10. h4 Qc7 (10... e5 {with more complications.} 11. Nxg6 hxg6 12. O-O exd4 13. Re1+ Kf8) 11. h5 Bxf4 {The position is equal.} 12. Bxf4 $146 ({Predecessor:} 12. hxg6 fxg6 13. Bxf4 {½-½ (23) Thilakarathne,G (2268)-Olsen,F (2335) Porto Carras 2018}) 12... Qxf4 13. hxg6 fxg6 14. Bxe6 O-O-O {aiming for ...Rhe8.} 15. Qd2 Qd6 16. Bh3 Rde8+ 17. Kd1 h5 18. Qg5 Nd5 ({Better is} 18... Nh7 19. Qd2 Nhf6) 19. Re1 {Ne4 is the strong threat.} Rxe1+ 20. Kxe1 Qf6 $36 {[%mdl 2048] White is under pressure.} 21. Qd2 Nf4 22. Ne4 Qh4 23. Qe3 Rf8 24. Bxd7+ Kxd7 25. Kd2 (25. Nc5+ $15 Kd8 26. Qe4 (26. Nxb7+ $2 Kc8 $19) 26... Nd3+ 27. Kd2 Qxe4 28. Nxe4 Nxf2 29. Nc5) 25... Nxg2 $17 26. Nc5+ $2 {[#]} (26. Rh1 $17 Nxe3 27. Rxh4 Nc4+ 28. Kc2) 26... Kd8 $1 $19 {Black is clearly winning.} 27. Ne6+ Kc8 28. Qe5 Rxf2+ 29. Kd3 Qh3+ 30. Kc4 Ne3+ 31. Kb3 {[#]} Rxb2+ $1 {[%mdl 512] Accuracy: White = 29%, Black = 66%.} 0-1

[Event "23rd Alekhine Master 2019"]
[Site "Voronezh"]
[Date "2019.06.21"]
[Round "9.11"]
[White "Svetushkin, Dmitry"]
[Black "Rodin, Dmitrij"]
[Result "1-0"]
[WhiteElo "2532"]
[BlackElo "2403"]
[Annotator "RC"]
[PlyCount "63"]
[EventDate "2019.06.12"]
[EventType "swiss"]
[EventCountry "RUS"]
[SourceTitle "playchess.com"]
[Source "ChessBase"]
[SourceQuality "1"]
[TimeControl "40/5400+30:1800+30"]

1. e4 c5 {[%emt 0:01:58]} 2. Nf3 {[%emt 0:00:55]} e6 {[%emt 0:00:04]} 3. Nc3 {[%emt 0:00:06]} a6 {[%emt 0:01:29]} 4. d4 {[%emt 0:00:30]} cxd4 {[%emt 0:00:30]} 5. Nxd4 {[%emt 0:00:30]} Qc7 {[%emt 0:00:30]} 6. Bd3 {[%emt 0:00:30]} Nf6 {[%emt 0:00:30]} 7. f4 {[%emt 0:00:30]} d6 {[%emt 0:00:30]} 8. Qf3 {[%emt 0:00:30]} Nbd7 {[%emt 0:00:30]} 9. g4 {[%emt 0:00:30]} h6 {[%emt 0:00:30]} 10. Be3 {[%emt 0:00:30]} b5 {[%emt 0:00:30]} 11. h4 {[%emt 0:02:23]} b4 {[%emt 0:20:32]} 12. Nce2 {[%emt 0:00:13]} e5 {[%emt 0:01:08]} 13. Nf5 {[%emt 0:04:14]} g6 {[%emt 0:23:17]} 14. Nfg3 {[%emt 0:01:56]} Nc5 {[%emt 0:15:28]} 15. f5 {[%emt 0:03:46]} gxf5 {[%emt 0:01:43]} 16. Bxc5 {[%emt 0:29:30]} Qxc5 {[%emt 0:04:12]} 17. Nxf5 {[%emt 0:00:46]} Rg8 {[%emt 0:11:19]} 18. Nxh6 {[%emt 0:06:48]} Bxh6 {[%emt 0:00:12]} 19. Qxf6 {[%emt 0:00:04]} Be3 {[%emt 0:00:06]} 20. g5 {[%emt 0:04:14]} Be6 {[%emt 0:00:07]} 21. g6 {[%emt 0:07:07]} Rxg6 {[%emt 0:08:14]} 22. Qh8+ {[%emt 0:01:51]} Ke7 {[%emt 0:00:04]} 23. Qxa8 {[%emt 0:00:07]} Bh6 {[%emt 0:00:34]} 24. Rf1 {[%emt 0:09:20]} a5 {[%emt 0:00:54]} 25. Rd1 {[%emt 0:01:34]} Rg2 {[%emt 0:00:47]} 26. Qh8 {[%emt 0:00:58]} Bf4 {[%emt 0:01:24]} 27. Rxf4 {[%emt 0:09:04]} exf4 {[%emt 0:00:03]} 28. Nd4 {[%emt 0:00:35]} Rh2 {[%emt 0:04:56]} 29. Bb5 {[%emt 0:03:52]} Bg4 {[%emt 0:01:54]} 30. Nc6+ {[%emt 0:01:37]} Ke6 {[%emt 0:00:31]} 31. Nd8+ {[%emt 0:01:05]} Ke7 {[%emt 0:00:18]} 32. Qe8+ {[%emt 0:00:22]} 1-0

[Event "23rd Alekhine Master 2019"]
[Site "Voronezh"]
[Date "2019.06.21"]
[Round "9.12"]
[White "Shariyazdanov, Andrey"]
[Black "Tologontegin, Semetey"]
[Result "0-1"]
[WhiteElo "2526"]
[BlackElo "2386"]
[Annotator "RC"]
[PlyCount "66"]
[EventDate "2019.06.12"]
[EventType "swiss"]
[EventCountry "RUS"]
[SourceTitle "playchess.com"]
[Source "ChessBase"]
[SourceQuality "1"]
[TimeControl "40/5400+30:1800+30"]

1. d4 {[%emt 0:00:00]} e6 {[%emt 0:00:00]} 2. c4 {[%emt 0:00:11]} b6 {[%emt 0:01:10]} 3. a3 {[%emt 0:00:37]} Bb7 {[%emt 0:00:26]} 4. Nc3 {[%emt 0:00:07]} f5 {[%emt 0:00:19]} 5. d5 {[%emt 0:02:16]} Nf6 {[%emt 0:13:06]} 6. g3 {[%emt 0:00:24]} Be7 {[%emt 0:03:14]} 7. Bg2 {[%emt 0:00:23]} a5 {[%emt 0:01:12]} 8. Nh3 {[%emt 0:07:23]} Na6 {[%emt 0:02:26]} 9. Nf4 {[%emt 0:01:04]} exd5 {[%emt 0:28:17]} 10. Nfxd5 {[%emt 0:07:46]} Nxd5 {[%emt 0:15:09]} 11. Nxd5 {[%emt 0:02:48]} Bc6 {[%emt 0:04:10]} 12. e4 {[%emt 0:01:54]} O-O {[%emt 0:00:43]} 13. O-O {[%emt 0:00:49]} fxe4 {[%emt 0:02:25]} 14. Bxe4 {[%emt 0:00:11]} Nc5 {[%emt 0:00:09]} 15. Bc2 {[%emt 0:00:10]} Bf6 {[%emt 0:04:26]} 16. h4 {[%emt 0:05:07]} d6 {[%emt 0:04:07]} 17. Rb1 {[%emt 0:08:03]} a4 {[%emt 0:00:50]} 18. Re1 {[%emt 0:00:52]} Qd7 {[%emt 0:02:20]} 19. Bf4 {[%emt 0:04:35]} Rf7 {[%emt 0:00:42]} 20. Kh2 {[%emt 0:06:44]} Raf8 {[%emt 0:00:20]} 21. Be3 {[%emt 0:00:31]} Bd8 {[%emt 0:04:04]} 22. f4 {[%emt 0:02:11]} Bf6 {[%emt 0:10:07]} 23. h5 {[%emt 0:04:43]} Bb7 {[%emt 0:01:14]} 24. Bxc5 {[%emt 0:01:06]} bxc5 {[%emt 0:00:02]} 25. Qd3 {[%emt 0:01:03]} g5 {[%emt 0:00:28]} 26. hxg6 {[%emt 0:00:19]} Rg7 {[%emt 0:00:06]} 27. gxh7+ {[%emt 0:01:58]} Kh8 {[%emt 0:00:00]} 28. Qf5 {[%emt 0:04:48]} Qd8 {[%emt 0:00:06]} 29. Nxf6 {[%emt 0:03:32]} Rxf6 {[%emt 0:00:03]} 30. Qh5 {[%emt 0:00:15]} Bc6 {[%emt 0:00:05]} 31. Re3 {[%emt 0:12:58]} Qf8 {[%emt 0:01:32]} 32. Rf1 {[%emt 0:02:14]} Re7 {[%emt 0:01:09]} 33. Rxe7 {[%emt 0:09:43]} Rh6 {[%emt 0:00:05]} 0-1

[Event "23rd Alekhine Master 2019"]
[Site "Voronezh"]
[Date "2019.06.21"]
[Round "9.14"]
[White "Afanasiev, Nikita"]
[Black "Makarian, Rudik"]
[Result "1/2-1/2"]
[WhiteElo "2524"]
[BlackElo "2383"]
[Annotator "TA"]
[PlyCount "81"]
[EventDate "2019.06.12"]
[EventType "swiss"]
[EventCountry "RUS"]
[SourceTitle "playchess.com"]
[Source "ChessBase"]
[SourceQuality "1"]

{[%evp 9,81,21,27,22,18,13,35,32,81,73,82,77,83,72,84,93,89,83,72,86,79,77,75,60,52,42,52,39,43,35,36,35,55,53,56,52,55,0,19,36,40,28,31,23,60,56,45,0,0,0,0,0,0,0,0,-20,-18,-19,-20,-20,0,-8,0,0,0,-12,0,0,0,-13,0,0,0,-16]} 1. e4 c5 2. Ne2 d6 3. g3 d5 4. Bg2 dxe4 5. Nbc3 Nf6 6. Nxe4 {B20: Sicilian: Unusual White 2nd moves} Nxe4 7. Bxe4 g6 (7... Nc6 8. d3 e6 9. Be3 Be7 10. d4 cxd4 11. Nxd4 Bd7 12. Nxc6 Bxc6 13. Qxd8+ Kxd8 14. Bxc6 bxc6 {½-½ (19) Fedorov,A (2561)-Alekseenko,K (2635) St Petersburg 2018}) 8. d4 {White is slightly better.} cxd4 $146 ({Predecessor:} 8... Bg7 9. dxc5 Qa5+ 10. c3 Qxc5 11. Be3 Qc7 {1-0 (36) Lepelletier,B (2460)-Touzane,O (2495) Auxerre 1996}) 9. Qxd4 Qxd4 10. Nxd4 a6 11. Be3 Bg7 12. O-O-O O-O 13. Nb3 Nc6 14. Nc5 Bg4 15. f3 ({Of course not} 15. Nxb7 $6 Bxd1 16. Rxd1 Ne5 $11) 15... Bf5 16. Bxf5 ({But not} 16. Nxb7 $6 Bxe4 17. fxe4 Rab8 $11) 16... gxf5 17. Rd7 b6 18. Nb3 b5 19. Rhd1 e6 20. f4 Rfc8 21. a3 a5 22. Rb7 a4 23. Nc5 (23. Nd4 $14) 23... b4 (23... Bxb2+ $5 24. Kxb2 Na5 $11) 24. axb4 {Black must now prevent Rdd7.} a3 25. bxa3 Rxa3 26. Rd3 Bc3 {[%cal Ra3a1] [#]} 27. Nb3 $1 Bxb4 ({Not} 27... Nxb4 $2 {[#]} 28. Rxc3 $1 {[%mdl 512]} Na2+ 29. Kb2 $18) 28. Kb2 Bf8 {The position is equal.} 29. Bd2 Ra4 30. Rdd7 Nb4 31. Bxb4 Bxb4 32. Rxf7 Bc3+ 33. Kc1 Re4 {[%cal Re4e1]} 34. Rfd7 $1 Re1+ 35. Rd1 $132 {[%mdl 2048] White wants to play Rxe1. White is not holding back} Bb2+ 36. Kd2 Bc3+ 37. Kc1 $1 {And now Rxe1 would win.} Bb2+ 38. Kd2 Bc3+ 39. Kc1 $1 {Hoping for Rxe1.} Bb2+ 40. Kd2 Bc3+ 41. Kc1 $1 {Accuracy: White = 81%, Black = 69%.} 1/2-1/2